[Event "34. Copenhagen Open (Politiken Cup)"]
[Site "Elsinore"]
[Date "2012.08.01"]
[Round "6"]
[White "Larsen, Mikael"]
[Black "Sjol, Henrik"]
[Result "1/2-1/2"]
[WhiteElo "2067"]
[BlackElo "1878"]
[PlyCount "27"]
[EventDate "2012.07.28"]
[EventType "swiss"]
[EventRounds "10"]
[EventCountry "DEN"]
[Source "ChessBase"]
[SourceDate "2012.08.24"]

1. d4 d5 2. c4 dxc4 3. Nf3 Nf6 4. e3 Bg4 5. Bxc4 e6 6. O-O a6 7. Nc3 c5 8. Be2
Nc6 9. dxc5 Qxd1 10. Rxd1 Bxc5 11. Bd2 O-O 12. h3 Bh5 13. Rac1 Be7 14. Kf1
1/2-1/2

[Event "34. Copenhagen Open (Politiken Cup)"]
[Site "Elsinore"]
[Date "2012.08.01"]
[Round "6"]
[White "Lilja, Richard"]
[Black "Larsen, Ulrik Jejlskov"]
[Result "0-1"]
[WhiteElo "2136"]
[BlackElo "2010"]
[PlyCount "56"]
[EventDate "2012.07.28"]
[EventType "swiss"]
[EventRounds "10"]
[EventCountry "DEN"]
[Source "ChessBase"]
[SourceDate "2012.08.24"]

1. e4 c5 2. Nc3 e6 3. g3 d5 4. exd5 exd5 5. d4 Nf6 6. Bg5 Be7 7. dxc5 d4 8.
Bxf6 Bxf6 9. Ne4 O-O 10. Nxf6+ Qxf6 11. Qf3 Qe5+ 12. Qe2 Qxc5 13. Qc4 Re8+ 14.
Kd2 Qa5+ 15. b4 Qg5+ 16. f4 Qe7 17. Kc1 Qe3+ 18. Kb2 Be6 19. Qd3 Bd5 20. Qxe3
Rxe3 21. Nh3 Bxh1 22. Bc4 Bc6 23. Rd1 Nd7 24. b5 Nb6 25. Bf1 Na4+ 26. Kc1 Bf3
27. Rxd4 Re1+ 28. Kd2 Rd1+ 0-1

[Event "34. Copenhagen Open (Politiken Cup)"]
[Site "Elsinore"]
[Date "2012.08.01"]
[Round "6"]
[White "Lofgren, Claes"]
[Black "Andersen, Dag"]
[Result "1-0"]
[WhiteElo "2111"]
[BlackElo "1907"]
[PlyCount "107"]
[EventDate "2012.07.28"]
[EventType "swiss"]
[EventRounds "10"]
[EventCountry "DEN"]
[Source "ChessBase"]
[SourceDate "2012.08.24"]

1. d4 Nf6 2. c4 e6 3. g3 d5 4. Bg2 Bb4+ 5. Bd2 Be7 6. Nf3 c6 7. b3 O-O 8. Nc3
b6 9. O-O Bb7 10. Bf4 Nbd7 11. Qc2 Rc8 12. e4 dxe4 13. Nxe4 Nxe4 14. Qxe4 Nf6
15. Qe2 Bd6 16. Ne5 Re8 17. Rad1 Qe7 18. Rd3 c5 19. Ng6 hxg6 20. Bxd6 Qxd6 21.
Bxb7 Rcd8 22. Rfd1 Qc7 23. Bg2 Rxd4 24. Rxd4 cxd4 25. Rxd4 Rd8 26. Qd3 Rxd4 27.
Qxd4 a5 28. Bf3 Nd7 29. a3 Ne5 30. Be2 Nd7 31. f4 Nc5 32. Bd1 Nd7 33. b4 axb4
34. axb4 Qc6 35. Kf2 Qc7 36. Bf3 e5 37. fxe5 Nxe5 38. Bd5 Nc6 39. Bxc6 Qxc6 40.
c5 b5 41. Qd8+ Kh7 42. Qd6 Qe4 43. Qf4 Qc2+ 44. Ke1 Qb1+ 45. Ke2 Qc2+ 46. Qd2
Qe4+ 47. Kf2 Qh1 48. Ke3 Qg1+ 49. Ke4 Qf1 50. Kd5 Qf3+ 51. Kd6 Qf6+ 52. Kc7 Qe6
53. Qd6 Qa2 54. Kb7 1-0

[Event "34. Copenhagen Open (Politiken Cup)"]
[Site "Elsinore"]
[Date "2012.08.01"]
[Round "6"]
[White "Madison, Sigurd"]
[Black "Nielsen, Aage Sondergaard"]
[Result "0-1"]
[WhiteElo "1799"]
[BlackElo "1957"]
[PlyCount "209"]
[EventDate "2012.07.28"]
[EventType "swiss"]
[EventRounds "10"]
[EventCountry "DEN"]
[Source "ChessBase"]
[SourceDate "2012.08.24"]

1. e4 e5 2. Nf3 Nc6 3. Bb5 Bc5 4. d3 Nge7 5. O-O O-O 6. Nxe5 Nxe5 7. d4 c6 8.
Ba4 Bb6 9. dxe5 Ng6 10. Qh5 Re8 11. e6 Rxe6 12. Nc3 Re5 13. Qf3 Bd4 14. Ne2 Bc5
15. Ng3 d6 16. Bd2 Nh4 17. Qd3 Re6 18. Bf4 d5 19. exd5 cxd5 20. Bb3 Ng6 21. Nh5
Qh4 22. Qf3 Nxf4 23. Nxf4 Rh6 24. h3 Be6 25. Nxd5 Rg6 26. Nf4 Rg3 27. Qxb7 Rf8
28. Nxe6 fxe6 29. Bxe6+ Kh8 30. Kh2 Rg6 31. Qc6 Bb6 32. Qd5 Bc7+ 33. Kh1 Qf4
34. g3 Qf6 35. Rae1 Rg5 36. Qc6 Bb6 37. Qc3 Bd4 38. Qd2 Bb6 39. Kg2 Bc7 40. Qc3
Qd8 41. Rd1 Qa8+ 42. Kh2 Be5 43. Qe3 Bf6 44. Qb3 Qc6 45. Bd5 Qd6 46. Qa3 Qb8
47. b3 h5 48. Qa4 Rf5 49. Be4 Re5 50. Bd3 h4 51. Qg4 Bg5 52. Qh5+ Bh6 53. Qg6
Kg8 54. Qh7+ Kf7 55. Qg6+ Ke7 56. a3 Rf6 57. Qg4 hxg3+ 58. fxg3 a5 59. Rxf6
gxf6 60. Bf1 Qa7 61. Qd4 Qc7 62. Qh4 Qc5 63. Qd4 Qc7 64. Bb5 Rxb5 65. Qe4+ Kf8
66. Rf1 Bg7 67. b4 axb4 68. axb4 Qe7 69. Qa8+ Kf7 70. Qa2+ Kg6 71. c3 Bh6 72.
Qc2+ Kg7 73. c4 Rxb4 74. c5 Qe5 75. Rf2 Be3 76. Re2 Qxc5 77. Qd3 Bd4 78. Qf3
Be5 79. Qd3 Qc8 80. Qf3 Rc4 81. Rd2 Rc2 82. Qg4+ Kf8 83. Rxc2 Qxc2+ 84. Kg1
Qc1+ 85. Kg2 Qd2+ 86. Kf1 Qd3+ 87. Kg2 Qd2+ 88. Kf1 Qd5 89. Kf2 Qd4+ 90. Qxd4
Bxd4+ 91. Kf3 Kg7 92. Kg2 Kg6 93. Kf3 Be5 94. Kg2 Kf5 95. Kf2 Bc3 96. Ke3 Bb2
97. Kf3 Bc1 98. Kg2 Ke4 99. Kh2 Kf3 100. h4 f5 101. h5 Be3 102. Kh3 Bf2 103.
Kh4 Bxg3+ 104. Kg5 Ke4 105. h6 0-1

[Event "34. Copenhagen Open (Politiken Cup)"]
[Site "Elsinore"]
[Date "2012.08.01"]
[Round "6"]
[White "Maechel, Michael"]
[Black "Philipsen, William Horup"]
[Result "0-1"]
[WhiteElo "1754"]
[BlackElo "1905"]
[PlyCount "64"]
[EventDate "2012.07.28"]
[EventType "swiss"]
[EventRounds "10"]
[EventCountry "DEN"]
[Source "ChessBase"]
[SourceDate "2012.08.24"]

1. e4 e5 2. Nf3 Nc6 3. Bb5 f5 4. d3 fxe4 5. dxe4 Nf6 6. O-O Bc5 7. Bg5 d6 8.
Nc3 O-O 9. Nd5 Kh8 10. h3 Ne7 11. Nxe7 Qxe7 12. Qe2 Qf7 13. Bc4 Qg6 14. Kh2
Nxe4 15. Bd3 d5 16. Be3 Bxe3 17. Qxe3 Qh5 18. Bxe4 dxe4 19. Ng5 Bd7 20. Nxe4
Rf4 21. Ng3 Qh4 22. Rfe1 Raf8 23. Qxe5 Bxh3 24. Kg1 Rxf2 25. Re2 R2f4 26. gxh3
Qxg3+ 27. Rg2 Rf1+ 28. Rxf1 Rxf1+ 29. Kxf1 Qxe5 30. Re2 Qf4+ 31. Rf2 Qc1+ 32.
Kg2 Kg8 0-1

[Event "34. Copenhagen Open (Politiken Cup)"]
[Site "Elsinore"]
[Date "2012.08.01"]
[Round "6"]
[White "Marthedal, Anton Mehmet Yildiz"]
[Black "Kristiansen, Espen"]
[Result "1/2-1/2"]
[WhiteElo "1334"]
[BlackElo "1634"]
[PlyCount "26"]
[EventDate "2012.07.28"]
[EventType "swiss"]
[EventRounds "10"]
[EventCountry "DEN"]
[Source "ChessBase"]
[SourceDate "2012.08.24"]

1. c4 Nf6 2. Nc3 e5 3. g3 Be7 4. d3 d6 5. Nf3 O-O 6. b3 c6 7. Bg2 Bd7 8. O-O a6
9. Ba3 Qa5 10. Bb2 Qc7 11. Qc2 Bf5 12. e4 Be6 13. Rad1 Nbd7 1/2-1/2

[Event "34. Copenhagen Open (Politiken Cup)"]
[Site "Elsinore"]
[Date "2012.08.01"]
[Round "6"]
[White "Matthiesen, Martin"]
[Black "Nielsen, Hogni Egilstoft"]
[Result "1-0"]
[WhiteElo "2285"]
[BlackElo "2057"]
[PlyCount "79"]
[EventDate "2012.07.28"]
[EventType "swiss"]
[EventRounds "10"]
[EventCountry "DEN"]
[Source "ChessBase"]
[SourceDate "2012.08.24"]

1. d4 e6 2. c4 Nf6 3. Nf3 b6 4. g3 Bb7 5. Bg2 c5 6. d5 exd5 7. Nh4 Be7 8. cxd5
d6 9. Nc3 O-O 10. O-O Re8 11. h3 Nbd7 12. a4 a6 13. e4 g6 14. Nf3 Bf8 15. Re1
Bg7 16. Bf4 Ne5 17. Nxe5 dxe5 18. Be3 Qc7 19. Rc1 Rac8 20. Nb1 a5 21. Na3 Ba6
22. Bg5 Nd7 23. Bf1 Bxf1 24. Rxf1 f5 25. Nb5 Qb8 26. d6 Qb7 27. Qb3+ Kh8 28.
Nc7 Rg8 29. exf5 gxf5 30. Qe6 Qc6 31. Nb5 Rce8 32. Qxf5 Ref8 33. Qe6 Rf3 34.
Rc3 e4 35. Rxf3 exf3 36. Re1 Bxb2 37. Qf7 Bg7 38. Re8 Rf8 39. Be7 Qe4 40. Qxg7+
1-0

[Event "34. Copenhagen Open (Politiken Cup)"]
[Site "Elsinore"]
[Date "2012.08.01"]
[Round "6"]
[White "Moller, Arne"]
[Black "Amarapala, Sherington"]
[Result "1/2-1/2"]
[WhiteElo "1895"]
[BlackElo "1732"]
[PlyCount "63"]
[EventDate "2012.07.28"]
[EventType "swiss"]
[EventRounds "10"]
[EventCountry "DEN"]
[Source "ChessBase"]
[SourceDate "2012.08.24"]

1. e4 e5 2. Nf3 Nc6 3. Bb5 a6 4. Ba4 Nf6 5. O-O Be7 6. Bxc6 dxc6 7. Qe1 O-O 8.
d3 Bd6 9. Bg5 Re8 10. Nc3 Bg4 11. Nd2 b5 12. f4 exf4 13. Qh4 Bc5+ 14. Kh1 Be3
15. Nf3 Bxf3 16. Rxf3 Re6 17. Rh3 h5 18. Bxf4 Bxf4 19. Qxf4 Qd6 20. Qxd6 cxd6
21. Rf3 Rae8 22. Raf1 R8e7 23. h3 b4 24. Ne2 d5 25. Nd4 dxe4 26. dxe4 Rxe4 27.
Nf5 R7e5 28. Nxg7 Kxg7 29. Rxf6 Re7 30. Rxc6 R4e6 31. Rc5 Re5 32. Rc6 1/2-1/2

[Event "34. Copenhagen Open (Politiken Cup)"]
[Site "Elsinore"]
[Date "2012.08.01"]
[Round "6"]
[White "Molvig, Julius"]
[Black "Poulsen, Iver"]
[Result "1/2-1/2"]
[WhiteElo "1905"]
[BlackElo "2081"]
[PlyCount "111"]
[EventDate "2012.07.28"]
[EventType "swiss"]
[EventRounds "10"]
[EventCountry "DEN"]
[Source "ChessBase"]
[SourceDate "2012.08.24"]

1. d4 d5 2. c4 e6 3. Nc3 c6 4. cxd5 exd5 5. Bf4 Bd6 6. Bxd6 Qxd6 7. Qc2 Ne7 8.
e3 Bf5 9. Bd3 Qg6 10. Bxf5 Nxf5 11. Nge2 Nd6 12. Qxg6 hxg6 13. Rc1 Na6 14. O-O
g5 15. Ng3 f5 16. Rfe1 Kf7 17. Rb1 Nc7 18. Na4 Rh6 19. f3 f4 20. Nf1 Nf5 21.
Rbd1 Re8 22. e4 Nd6 23. Nc5 b6 24. Nd7 Nc4 25. b3 Rd6 26. bxc4 Rxd7 27. cxd5
cxd5 28. e5 Ne6 29. Re2 Rc8 30. Kf2 Rc4 31. Red2 Rdc7 32. Rd3 Rc2+ 33. R1d2
Rxd2+ 34. Nxd2 Rc2 35. a3 Ke7 36. g3 Kd7 37. Kg2 g6 38. Kh3 b5 39. Nb3 Rc4 40.
Kg4 Ke7 41. h4 fxg3 42. Kxg3 gxh4+ 43. Kxh4 Ra4 44. Nc1 Rxd4+ 45. Rxd4 Nxd4 46.
f4 a5 47. Kg5 Ne6+ 48. Kxg6 Nxf4+ 49. Kf5 Ng2 50. e6 Ne3+ 51. Ke5 Nc4+ 52. Kxd5
Nxa3 53. Nb3 Nc4 54. Nxa5 Nxa5 55. Kc5 Kxe6 56. Kxb5 1/2-1/2

[Event "34. Copenhagen Open (Politiken Cup)"]
[Site "Elsinore"]
[Date "2012.08.01"]
[Round "6"]
[White "Mouritsen, Jan"]
[Black "Pedersen, Jan Kaas"]
[Result "0-1"]
[WhiteElo "1822"]
[BlackElo "2044"]
[PlyCount "58"]
[EventDate "2012.07.28"]
[EventType "swiss"]
[EventRounds "10"]
[EventCountry "DEN"]
[Source "ChessBase"]
[SourceDate "2012.08.24"]

1. d4 d5 2. Nf3 Nf6 3. c4 e6 4. Nc3 c5 5. cxd5 exd5 6. g3 Nc6 7. Bg2 c4 8. Bg5
Be7 9. O-O O-O 10. Re1 h6 11. Bf4 a6 12. a4 Be6 13. Ne5 Qb6 14. Nxc6 bxc6 15.
Qd2 Bb4 16. Rad1 Bf5 17. Be5 Nd7 18. e4 Bg4 19. Rc1 Nxe5 20. dxe5 d4 21. Qf4
Be6 22. Nd5 cxd5 23. exd5 Bxe1 24. Rxe1 Bd7 25. Re4 Rae8 26. Rxd4 Qxb2 27. Qe3
Bxa4 28. f4 Bb5 29. Rd2 Qc1+ 0-1

[Event "34. Copenhagen Open (Politiken Cup)"]
[Site "Elsinore"]
[Date "2012.08.01"]
[Round "6"]
[White "Nielsen, Bjorn"]
[Black "Emborg, Jens"]
[Result "0-1"]
[WhiteElo "1534"]
[BlackElo "1649"]
[PlyCount "78"]
[EventDate "2012.07.28"]
[EventType "swiss"]
[EventRounds "10"]
[EventCountry "DEN"]
[Source "ChessBase"]
[SourceDate "2012.08.24"]

1. e4 e6 2. d4 d5 3. e5 c5 4. Be3 cxd4 5. Bxd4 Nc6 6. c3 Nxd4 7. cxd4 Bb4+ 8.
Nc3 Qa5 9. Qd2 Bd7 10. Be2 Rc8 11. Rc1 Ne7 12. a3 Bxc3 13. Rxc3 Rxc3 14. Qxc3
Nc6 15. Qxa5 Nxa5 16. b4 Nc4 17. Bxc4 dxc4 18. Nf3 Bc6 19. Kd2 Bxf3 20. gxf3 b5
21. Kc3 Kd7 22. Rd1 Kc6 23. Ra1 Rb8 24. f4 Rb7 25. f3 Kd5 26. a4 a6 27. a5 f6
28. Re1 Rf7 29. Re4 f5 30. Re2 g6 31. h4 h6 32. Rg2 Rg7 33. h5 g5 34. Rg3 g4
35. Rg2 gxf3 36. Rxg7 f2 37. Rd7+ Ke4 38. Rd6 f1=Q 39. Rxa6 Qc1# 0-1

[Event "34. Copenhagen Open (Politiken Cup)"]
[Site "Elsinore"]
[Date "2012.08.01"]
[Round "6"]
[White "Nielsen, Jens Holm"]
[Black "Tryggestad, Andreas Garberg"]
[Result "1-0"]
[WhiteElo "1914"]
[BlackElo "1721"]
[PlyCount "53"]
[EventDate "2012.07.28"]
[EventType "swiss"]
[EventRounds "10"]
[EventCountry "DEN"]
[Source "ChessBase"]
[SourceDate "2012.08.24"]

1. Nc3 Nf6 2. e4 e5 3. Nf3 Nc6 4. d4 exd4 5. Nxd4 Bc5 6. Nf5 O-O 7. Be3 Bxe3 8.
Nxe3 d6 9. Bd3 Re8 10. O-O Be6 11. Ncd5 Ne5 12. Nf4 Nxd3 13. cxd3 c6 14. Qd2 d5
15. e5 Nd7 16. Nxe6 Rxe6 17. d4 Qb6 18. f4 Nf8 19. f5 Ree8 20. Rac1 Rac8 21. f6
g6 22. Rf4 Ne6 23. Rh4 c5 24. Nxd5 Qd8 25. Qh6 Qxd5 26. Qxh7+ Kf8 27. Qh8# 1-0

[Event "34. Copenhagen Open (Politiken Cup)"]
[Site "Elsinore"]
[Date "2012.08.01"]
[Round "6"]
[White "Nielsen, Klaus"]
[Black "Rendlev, Niels Moller"]
[Result "1-0"]
[WhiteElo "2069"]
[BlackElo "1844"]
[PlyCount "35"]
[EventDate "2012.07.28"]
[EventType "swiss"]
[EventRounds "10"]
[EventCountry "DEN"]
[Source "ChessBase"]
[SourceDate "2012.08.24"]

1. d4 d5 2. c4 e6 3. cxd5 exd5 4. Nc3 f5 5. Nf3 c6 6. Bg5 Be7 7. h4 Nf6 8. Qc2
Ne4 9. Bxe7 Qxe7 10. Nxd5 cxd5 11. Qxc8+ Qd8 12. Qxd8+ Kxd8 13. Ne5 Ke7 14. Rh3
Na6 15. Rb3 b6 16. e3 Nc7 17. f3 Nd6 18. Rc1 1-0

[Event "34. Copenhagen Open (Politiken Cup)"]
[Site "Elsinore"]
[Date "2012.08.01"]
[Round "6"]
[White "Nielsen, Lars Aaes"]
[Black "Wuertz, Jacob"]
[Result "1-0"]
[WhiteElo "2254"]
[BlackElo "1999"]
[PlyCount "71"]
[EventDate "2012.07.28"]
[EventType "swiss"]
[EventRounds "10"]
[EventCountry "DEN"]
[Source "ChessBase"]
[SourceDate "2012.08.24"]

1. e4 e6 2. d4 d5 3. Nc3 dxe4 4. Nxe4 Nf6 5. Bg5 Be7 6. Bxf6 Bxf6 7. Nf3 O-O 8.
Nxf6+ Qxf6 9. Bd3 Nc6 10. c3 e5 11. d5 Ne7 12. Qe2 Bf5 13. O-O-O Bxd3 14. Qxd3
Qf4+ 15. Qe3 Qxe3+ 16. fxe3 e4 17. Ng5 Nf5 18. Rhe1 Rfe8 19. c4 a5 20. g4 Nh4
21. Rf1 Nf3 22. Nxf3 exf3 23. Rxf3 Re4 24. Rd4 Rae8 25. Kd2 f6 26. Rxe4 Rxe4
27. Rf4 Re5 28. Kd3 h5 29. Rf5 Re7 30. Rxh5 a4 31. b4 axb3 32. axb3 Re8 33. e4
Ra8 34. c5 Ra5 35. d6 g6 36. dxc7 1-0

[Event "34. Copenhagen Open (Politiken Cup)"]
[Site "Elsinore"]
[Date "2012.08.01"]
[Round "6"]
[White "Nielsen, Michael1"]
[Black "Christensen, Uffe Stenberg"]
[Result "1-0"]
[WhiteElo "2127"]
[BlackElo "1913"]
[PlyCount "95"]
[EventDate "2012.07.28"]
[EventType "swiss"]
[EventRounds "10"]
[EventCountry "DEN"]
[Source "ChessBase"]
[SourceDate "2012.08.24"]

1. d4 Nf6 2. c4 d6 3. Nc3 Nbd7 4. e4 e5 5. Nf3 Be7 6. Be2 c6 7. O-O O-O 8. Ne1
a6 9. Be3 b5 10. Nc2 Bb7 11. f3 Rc8 12. dxe5 dxe5 13. Qe1 Nh5 14. Rd1 Qc7 15.
Qf2 Nf4 16. c5 Rcd8 17. b4 Nf6 18. Bxf4 exf4 19. Nd4 g6 20. Rd2 Nd7 21. Bd1 Ne5
22. Bb3 Bc8 23. Nce2 Bg5 24. Ra1 Qe7 25. Qe1 Qc7 26. Qc1 Bf6 27. Rd1 g5 28. a4
Rfe8 29. Ra2 Re7 30. axb5 axb5 31. Rad2 Ree8 32. Qc2 h6 33. Nc3 Kg7 34. Nf5+
Kg6 35. Nd6 Rf8 36. Ne2 h5 37. h4 Rd7 38. hxg5 Bxg5 39. Kf2 h4 40. Qb2 Re7 41.
Rh1 Be6 42. Qxe5 Bxb3 43. Nxf4+ Bxf4 44. Qf5+ Kg7 45. Qxf4 Rg8 46. Nf5+ Kf8 47.
Qxc7 Rxc7 48. Rd8# 1-0

[Event "34. Copenhagen Open (Politiken Cup)"]
[Site "Elsinore"]
[Date "2012.08.01"]
[Round "6"]
[White "Nielsen, Palle"]
[Black "Helin, Mikael"]
[Result "0-1"]
[WhiteElo "1774"]
[BlackElo "1905"]
[PlyCount "40"]
[EventDate "2012.07.28"]
[EventType "swiss"]
[EventRounds "10"]
[EventCountry "DEN"]
[Source "ChessBase"]
[SourceDate "2012.08.24"]

1. d4 g6 2. c4 d6 3. e4 Bg7 4. Be3 Nc6 5. Ne2 e5 6. d5 Nce7 7. Nbc3 f5 8. f3
Nf6 9. Qc2 O-O 10. h3 c5 11. dxc6 bxc6 12. Rd1 Be6 13. b3 d5 14. Nc1 d4 15. Na4
fxe4 16. fxe4 Nh5 17. Bf2 Bh6 18. Nd3 Nf4 19. Nxf4 Bxf4 20. Nc5 Qa5+ 0-1

[Event "34. Copenhagen Open (Politiken Cup)"]
[Site "Elsinore"]
[Date "2012.08.01"]
[Round "6"]
[White "Nilsen, Joachim Birger"]
[Black "Burmakin, Vladimir"]
[Result "0-1"]
[WhiteElo "2215"]
[BlackElo "2590"]
[PlyCount "46"]
[EventDate "2012.07.28"]
[EventType "swiss"]
[EventRounds "10"]
[EventCountry "DEN"]
[Source "ChessBase"]
[SourceDate "2012.08.24"]

1. d4 Nf6 2. c4 e6 3. Nc3 d5 4. Nf3 Be7 5. Bg5 h6 6. Bh4 O-O 7. e3 Nbd7 8. c5
Ne4 9. Bxe7 Qxe7 10. Nxe4 dxe4 11. Nd2 e5 12. Nc4 exd4 13. exd4 Rd8 14. Qb3 b6
15. Rd1 bxc5 16. Na5 Qf6 17. Bb5 cxd4 18. Qd5 Nb6 19. Qxe4 Bf5 20. Qf3 Qe7+ 21.
Kf1 Bc2 22. Rd2 Qb4 23. Rxc2 Qxb5+ 0-1

[Event "34. Copenhagen Open (Politiken Cup)"]
[Site "Elsinore"]
[Date "2012.08.01"]
[Round "6"]
[White "Nordin, Eric"]
[Black "Petersen, Steen"]
[Result "0-1"]
[WhiteElo "1906"]
[BlackElo "2129"]
[PlyCount "92"]
[EventDate "2012.07.28"]
[EventType "swiss"]
[EventRounds "10"]
[EventCountry "DEN"]
[Source "ChessBase"]
[SourceDate "2012.08.24"]

1. e4 e6 2. d4 d5 3. Nd2 dxe4 4. Nxe4 Bd7 5. Nf3 Bc6 6. Bd3 Nd7 7. O-O Ngf6 8.
Nxf6+ Nxf6 9. c3 Bxf3 10. Qxf3 c6 11. Bg5 Qd5 12. Qxd5 cxd5 13. Bxf6 gxf6 14.
Bb5+ Kd8 15. f4 f5 16. a4 Bd6 17. Rf3 Ke7 18. Kf2 Rhg8 19. Bf1 Rac8 20. Rc1 Rc6
21. c4 dxc4 22. Rxc4 Rgc8 23. Rxc6 Rxc6 24. Rb3 Bxf4 25. Rxb7+ Kf6 26. g3 Rc2+
27. Be2 Bc1 28. Rxa7 Bxb2 29. Ke3 Bc1+ 30. Kf3 Rc3+ 31. Kg2 Ra3 32. Bb5 Be3 33.
Be8 Bxd4 34. Rxf7+ Ke5 35. Rxh7 Ra2+ 36. Kf1 Ke4 37. Rh4+ Ke3 38. Bd7 Rf2+ 39.
Kg1 e5 40. a5 Ra2 41. Kf1 Kf3 42. Ke1 Bc3+ 43. Kd1 Rd2+ 44. Kc1 Rxd7 45. Ra4
Ke2 46. a6 Bd4 0-1

[Event "34. Copenhagen Open (Politiken Cup)"]
[Site "Elsinore"]
[Date "2012.08.01"]
[Round "6"]
[White "Olsen, Karsten Kierkegaard"]
[Black "Becker, Martin"]
[Result "0-1"]
[WhiteElo "1618"]
[BlackElo "2375"]
[PlyCount "40"]
[EventDate "2012.07.28"]
[EventType "swiss"]
[EventRounds "10"]
[EventCountry "DEN"]
[Source "ChessBase"]
[SourceDate "2012.08.24"]

1. e4 c5 2. Nf3 e6 3. d4 cxd4 4. Nxd4 a6 5. a4 Qc7 6. g3 Nc6 7. Be3 Nf6 8. Bg2
Be7 9. O-O O-O 10. Qe2 d5 11. Nc3 Nxd4 12. Bxd4 e5 13. Nxd5 Nxd5 14. Rfd1 Nf6
15. Bc3 Be6 16. h4 Bc5 17. a5 Rad8 18. Ra4 Bg4 19. Qf1 Bd7 20. Raa1 Bb5 0-1

[Event "34. Copenhagen Open (Politiken Cup)"]
[Site "Elsinore"]
[Date "2012.08.01"]
[Round "6"]
[White "Petersen, Tom Petri"]
[Black "Danielsen, Henrik"]
[Result "0-1"]
[WhiteElo "2360"]
[BlackElo "2511"]
[PlyCount "116"]
[EventDate "2012.07.28"]
[EventType "swiss"]
[EventRounds "10"]
[EventCountry "DEN"]
[Source "ChessBase"]
[SourceDate "2012.08.24"]

1. c4 g6 2. g3 Bg7 3. Bg2 Nf6 4. Nc3 O-O 5. e4 c5 6. Nge2 Nc6 7. d3 d6 8. O-O
a6 9. h3 Rb8 10. a4 Ne8 11. Be3 Nc7 12. d4 cxd4 13. Nxd4 Ne6 14. Nde2 Bd7 15.
Rb1 Na5 16. b3 b5 17. cxb5 axb5 18. Nxb5 Bxb5 19. axb5 Rxb5 20. f4 Qb8 21. f5
Nc5 22. Bd4 Bxd4+ 23. Nxd4 Rb4 24. f6 exf6 25. Rxf6 Qb6 26. Rf2 Na4 27. Nc2
Rxb3 28. Rxb3 Nxb3 29. Ne1 Nc3 30. Qf3 Nd4 31. Qd3 Qc5 32. Kh2 Re8 33. Rd2 Ndb5
34. Nc2 h5 35. h4 Re6 36. Ne3 Qe5 37. Nc4 Qc5 38. Ne3 Qb4 39. Nc4 Qa4 40. Rc2
Qa1 41. Nd2 Rf6 42. Nf3 Qa5 43. e5 dxe5 44. Nxe5 Kg7 45. Nc6 Qa3 46. Qe3 Nd1
47. Qxa3 Nxa3 48. Rd2 Ne3 49. Ne5 Rf5 50. Nd3 Ng4+ 51. Kg1 Nc4 52. Re2 Ra5 53.
Bf3 Ra1+ 54. Re1 Ra3 55. Be2 Nce5 56. Rd1 Ne3 57. Nxe5 Nxd1 58. Bxd1 Ra1 0-1

[Event "34. Copenhagen Open (Politiken Cup)"]
[Site "Elsinore"]
[Date "2012.08.01"]
[Round "6"]
[White "Rasmussen, Henning Lau"]
[Black "Justinussen, Sigurd B"]
[Result "1/2-1/2"]
[WhiteElo "1789"]
[BlackElo "1952"]
[PlyCount "143"]
[EventDate "2012.07.28"]
[EventType "swiss"]
[EventRounds "10"]
[EventCountry "DEN"]
[Source "ChessBase"]
[SourceDate "2012.08.24"]

1. e4 c5 2. Nf3 d6 3. d4 cxd4 4. Nxd4 Nf6 5. Nc3 a6 6. Be2 e6 7. Be3 Be7 8. O-O
O-O 9. f4 Nc6 10. Bf3 Bd7 11. Nb3 Qc7 12. Rc1 b5 13. a3 Rac8 14. Ne2 Rfd8 15.
Nbd4 Nxd4 16. Nxd4 e5 17. Ne2 Bc6 18. Ng3 Bb7 19. Re1 d5 20. exd5 Nxd5 21. Bxd5
Bxd5 22. Qe2 exf4 23. Bxf4 Bc5+ 24. Kh1 Qc6 25. Nf1 Re8 26. Qd2 Be4 27. Be3 Bd6
28. c3 Re6 29. Ng3 Bxg3 30. hxg3 Rce8 31. Rcd1 f5 32. Kg1 h6 33. Qd7 Bxg2 34.
Qxc6 Bxc6 35. Bf2 Rxe1+ 36. Rxe1 Be4 37. Rd1 Re6 38. Rd4 Rc6 39. Kf1 Kh7 40.
Ke2 g5 41. a4 bxa4 42. Rxa4 Kg6 43. Rb4 Kh5 44. Rb6 Kg4 45. Rxc6 Bxc6 46. c4
Kh3 47. b4 h5 48. Kf1 Be4 49. Kg1 Bd3 50. b5 axb5 51. cxb5 Bxb5 52. Be1 Kg4 53.
Bf2 f4 54. gxf4 Kxf4 55. Kh2 Bd7 56. Bb6 h4 57. Kg2 Kg4 58. Bc7 Kf5 59. Bd8 Kg6
60. Be7 Kh5 61. Bd6 g4 62. Bc7 Kg6 63. Bd6 Bc6+ 64. Kf2 Kf5 65. Bc7 Ke4 66. Bb8
Kd3 67. Bc7 Bf3 68. Bb8 Kd2 69. Bc7 h3 70. Bg3 h2 71. Bxh2 g3+ 72. Bxg3 1/2-1/2

[Event "34. Copenhagen Open (Politiken Cup)"]
[Site "Elsinore"]
[Date "2012.08.01"]
[Round "6"]
[White "Romanov, Evgeny"]
[Black "Bejtovic, Jasmin"]
[Result "1-0"]
[WhiteElo "2623"]
[BlackElo "2393"]
[PlyCount "77"]
[EventDate "2012.07.28"]
[EventType "swiss"]
[EventRounds "10"]
[EventCountry "DEN"]
[Source "ChessBase"]
[SourceDate "2012.08.24"]

1. d4 d5 2. Nf3 e6 3. Bg5 Be7 4. Bxe7 Qxe7 5. Nbd2 Nf6 6. e3 O-O 7. c4 b6 8.
Be2 c5 9. cxd5 exd5 10. dxc5 bxc5 11. O-O Bb7 12. Qb3 Nc6 13. Rfe1 Rab8 14. Qa3
Ba8 15. Rac1 Rb4 16. Qc3 d4 17. exd4 cxd4 18. Qa3 Rbb8 19. Qxe7 Nxe7 20. b3 Nc6
21. a3 Rbd8 22. Bb5 Rd6 23. Bd3 Nd5 24. Ne4 Nf4 25. Bb5 Rg6 26. g3 d3 27. Bxc6
Ne2+ 28. Rxe2 Rxc6 29. Rxc6 dxe2 30. Rc4 f5 31. Ned2 Rd8 32. Rc2 g5 33. Ne1 g4
34. f4 gxf3 35. Ndxf3 Bxf3 36. Nxf3 Rd3 37. Ne1 Rxb3 38. Rc8+ Kg7 39. Rc7+ 1-0

[Event "34. Copenhagen Open (Politiken Cup)"]
[Site "Elsinore"]
[Date "2012.08.01"]
[Round "6"]
[White "Rydstrom, Tom"]
[Black "Jensen, John Klaus"]
[Result "1-0"]
[WhiteElo "2046"]
[BlackElo "1874"]
[PlyCount "32"]
[EventDate "2012.07.28"]
[EventType "swiss"]
[EventRounds "10"]
[EventCountry "DEN"]
[Source "ChessBase"]
[SourceDate "2012.08.24"]

1. e4 e5 2. Nf3 f5 3. Nxe5 Qf6 4. d4 d6 5. Nc4 fxe4 6. Nc3 c6 7. d5 Bf5 8. h4
Ne7 9. Bg5 Qg6 10. Be2 h5 11. dxc6 Nexc6 12. Nd5 Qf7 13. Nde3 Bg6 14. Nxd6+
Bxd6 15. Qxd6 Nd7 16. Bc4 Qxf2+ 1-0

[Event "34. Copenhagen Open (Politiken Cup)"]
[Site "Elsinore"]
[Date "2012.08.01"]
[Round "6"]
[White "Satre, Mathias"]
[Black "Bendixen, Daniel"]
[Result "1/2-1/2"]
[WhiteElo "1722"]
[BlackElo "1882"]
[PlyCount "87"]
[EventDate "2012.07.28"]
[EventType "swiss"]
[EventRounds "10"]
[EventCountry "DEN"]
[Source "ChessBase"]
[SourceDate "2012.08.24"]

1. e4 c5 2. Nc3 Nc6 3. g3 g6 4. Bg2 Bg7 5. d3 d6 6. f4 e6 7. Nf3 Nge7 8. O-O
O-O 9. Ne2 Bd7 10. c3 b5 11. Be3 b4 12. e5 Nd5 13. Bf2 Qe7 14. exd6 Qxd6 15.
Nd2 bxc3 16. Ne4 Qc7 17. N2xc3 Nd4 18. Nxd5 exd5 19. Nc3 Be6 20. Nxd5 Bxd5 21.
Bxd5 Rad8 22. Bg2 Qb6 23. Qd2 Qb5 24. Rfd1 Rd6 25. Rac1 Rfd8 26. b3 a5 27. Rc4
Qd7 28. Rdc1 Re8 29. Re1 Rxe1+ 30. Bxe1 Re6 31. Qxa5 Ne2+ 32. Kh1 Qxd3 33. Qd2
Qb1 34. Bd5 Nxg3+ 35. hxg3 Rxe1+ 36. Kg2 Rg1+ 37. Kf3 Qf1+ 38. Ke4 Rxg3 39.
Bxf7+ Kxf7 40. Qd7+ Kf8 41. Qd6+ Ke8 42. Qe6+ Kf8 43. Qd6+ Kg8 44. Qe6+ 1/2-1/2